000
00331nam a2200133Ia 4500
008
240624s9999 xx 000 0 und d
041
_a
eng
082
_a
658.15224 RAU
100
_a
HILLIER DAVID
245
_a
CORPORATE FINANCE
260
_c
2013
_a
London
_b
Tata McGraw- Hill
300
_a
xxviii, 889 p.; 26 cm.
365
_c
_b
38
999
_c
29242
_d
29242